| 000 | 003730000a22001570004500 | ||
|---|---|---|---|
| 020 | _a019 2177125 | ||
| 060 | _a100 | ||
| 082 | _a582. 1600 3 OXF;01 | ||
| 100 | _aHora, Bayard | ||
| 245 | _aOxford Encyclopedia of Trees of the World. | ||
| 260 | _aoxford, Oxford University Press | ||
| 260 | _c1981 | ||
| 300 | _a288 | ||
| 650 | _aTrees- Encyclopedia/ | ||
| 942 | _cBK | ||
| 999 |
_c365167 _d365167 |
||